| 000 | 01501cam a22003374a 4500 | ||
|---|---|---|---|
| 001 | 12034040 | ||
| 005 | 20050408183818.0 | ||
| 008 | 000608s2001 enkab b 001 0 eng | ||
| 010 | _a 00055110 | ||
| 020 | _a0273646419 (alk. paper) | ||
| 040 |
_aDLC _cDLC _dDLC |
||
| 042 | _apcc | ||
| 043 | _ae------ | ||
| 050 | 0 | 0 |
_aHC241.2 _b.E425 2001 |
| 082 | 0 | 0 |
_a337.142 _221 _bAGR |
| 100 | 1 |
_aEl-Agraa, A. M. _910967 |
|
| 245 | 1 | 4 |
_aThe European Union : _bEconomics and Policies / _cAli M. El-Agraa ; with edited contributions. |
| 250 | _a6th ed. | ||
| 260 |
_aHarlow, England : _bPrentice Hall Europe, _cc2001. |
||
| 300 |
_axxxii, 656 p. : _bill., maps ; _c25 cm. |
||
| 500 | _aEarlier eds. published under title: Economics of the European Community. | ||
| 504 | _aIncludes bibliographical references and indexes. | ||
| 610 | 2 | 0 |
_aEuropean Economic Community. _910968 |
| 610 | 2 | 0 |
_aEuropean Union. _910969 |
| 610 | 2 | 0 |
_aEuropean Union countries _xEconomic policy. _910970 |
| 651 | 0 |
_aEuropean Economic Community countries _xEconomic policy. _910971 |
|
| 730 | 0 |
_aEconomics of the European Community. _910972 |
|
| 942 |
_2ddc _cBB |
||
| 999 |
_c13282 _d13282 |
||